000 004580000a22001810004500
999 _c48762
_d48762
001 1603
003 CO-MdFUSB
005 20171031181249.0
008 171031b xxu||||| |||| 00| 0 eng d
020 _a958-8089-42-5
040 _cCO-MdBIC
082 0 4 _a863N G165c
100 1 _aGarcía Márquez, Gabriel
245 1 0 _aEl coronel no tiene quien le escriba / Gabriel García Márquez
260 _aBogotá : El tiempo
300 _a95 P.
942 _cLGB